Sports Quiz

Random Sports or NFL Quiz

NFL Primary Receiver by QB Quiz Stats

 Plays Quiz Updated Jan 25, 2021

Support Sporcle.
Go Orange.
Score 0/30 Timer 08:00
5 Plays Today
Quarterback Player % Correct
Joe MontanaJerry Rice
88.1%
Peyton ManningMarvin Harrison
87.8%
Ben RoethlisbergerAntonio Brown
79.7%
Matthew StaffordCalvin Johnson
79.5%
Tom BradyRob Gronkowski
77.2%
Aaron RodgersJordy Nelson
71.9%
Philip RiversAntonio Gates
71.3%
Carson PalmerChad Johnson
70.7%
Tony RomoDez Bryant
69.5%
Drew BreesMarques Colston
58.4%
Eli ManningOdell Beckham Jr.
55.1%
John ElwayShannon Sharpe
48.8%
Brett FavreAntonio Freeman
41.2%
Jim KellyAndre Reed
40.2%
Boomer EsiasonEddie Brown
38.4%
Quarterback Player % Correct
Dan MarinoMark Clayton
31.7%
Vinny TestaverdeMichael Jackson
31.6%
Dan FoutsKellen Winslow
26.7%
Dave KriegSteve Largent
26.4%
Donovan McNabbBrian Westbrook
24.5%
Johnny UnitasRaymond Berry
13.3%
Drew BledsoeBen Coates
12.7%
Matt RyanJulio Jones
12.1%
John HadlLance Alworth
9.8%
Len DawsonOtis Taylor
8.7%
Sonny JurgensenCharley Taylor
8.7%
Warren MoonDrew Hill
6%
Y.A. TittleBilly Wilson
2.4%
Fran TarkentonJohn Gilliam
1.5%
George BlandaCharley Hennigan
1.2%

From the Vault

Harry Potter Chain: Half-Blood Prince

by lolshortee

Blood as a metaphor for ancestry is kinda weird. A self-given nickname is very weird.
Remove Ads.
Support Sporcle.
Get the best of Sporcle when you Go Orange. This ad-free experience offers more features, more stats, and more fun while also helping to support Sporcle. Thank you for becoming a member.

Show Comments

Extras

Top Quizzes Today


Score Distribution

Your Account Isn't Verified!

In order to create a playlist on Sporcle, you need to verify the email address you used during registration. Go to your Sporcle Settings to finish the process.

Report this User

Report this user for behavior that violates our Community Guidelines.

Details: